Les néerlandais en Ligue 1 (2020-2026) - Statistiques

Statistiques générales
  • Ce quiz a été pris 31 fois
  • Le résultat moyen est 9 sur 27
Statistiques - réponses
Nb de saisons Clubs Joueur % Correct
1 Lyon (2020-2021) Memphis Depay
71%
1 Paris-SG (2021-2022) Georginio Wijnaldum
68%
2 Paris-SG (2020-2021), Lille (2024-2025) Mitchel Bakker
64%
2 Toulouse (2022-2023), Angers (2025-2026) Branco van den Boomen
57%
4 Brest (2021-2025) Marco Bizot
57%
1 Marseille (2025-2026) Quinten Timber
57%
2 Rennes (2024-2026), Lyon (2025-2026) Hans Hateboer
50%
3 Strasbourg (2023-2026) Emmanuel Emegha
43%
1 Nice (2021-2022) Justin Kluivert
43%
1 Lyon (2025-2026) Ruben Kluivert
43%
1 Marseille (2020-2021) Kevin Strootman
39%
2 Toulouse (2022-2024) Thijs Dallinga
39%
2 Monaco (2024-2026) Jordan Teze
36%
1 Marseille (2025-2026) Jeffrey de Lange
32%
3 Monaco (2021-2024) Myron Boadu
25%
2 Toulouse (2022-2024), Lens (2023-2024) Stijn Spierings
25%
2 Lille (2020-2022) Sven Botman
25%
2 Paris-SG (2020-2022) Xavi Simons
25%
4 Reims (2021-2024), Rennes (2023-2025) Azor Matusiwa
18%
2 Nice (2021-2023) Calvin Stengs
14%
1 Lyon (2020-2021) Kenny Tete
14%
1 Bordeaux (2021-2022) Javairô Dilrosun
4%
1 Auxerre (2024-2025) Ki-Jana Hoever
4%
1 Auxerre (2024-2025) Eros Maddy
0%
3 Reims (2020-2023) Kaj Sierhuis
0%
2 Reims (2021-2023) Mitchell van Bergen
0%
1 Troyes (2021-2022) Philippe Sandler
0%
Aucun quiz correspondant
Distribution des résultats
% des personnes avec chaque résultat
Percentile par nombre de réponses
Votre historique - résultats
Vous n’avez pas pris ce quiz